ŽIVOTNÁ MIAZGA PRE MAKULU : DOPLNKY STRAVY NAPOMÁHAJÚ ZLEPŠOVAŤ VEKOM PODMIENENÚ MAKULÁRNU DEGENERÁCIU (VPMD)

Bibliographic Details
Main Author: Zachariasová, S. (Author)
Format: Article
Language:Slovak

MARC

LEADER 00000nab a2200000ua 4500
001 vtls010833991
003 SK-MaSNL
005 20260304030211.0
008 250310s xo |||||||||||||||||slo|
035 |a (urnnbn)urn:nbn:sk:snk:ar-a06njq 
035 |a urn:nbn:sk:snk-ab5yac 
035 |a (uuid)660c22ed-6c63-48b9-9797-ba2bc1ad1c2f 
040 |a SNKBUCL  |b slo  |c SNKBUCL  |e AACR2 
041 0 |a slo 
044 |a xo  |c SK 
100 1 |a Zachariasová, S.  |4 aut  |9 1308347 
245 1 0 |a ŽIVOTNÁ MIAZGA PRE MAKULU :  |b DOPLNKY STRAVY NAPOMÁHAJÚ ZLEPŠOVAŤ VEKOM PODMIENENÚ MAKULÁRNU DEGENERÁCIU (VPMD)  |c S. Zachariasová 
773 0 |t Revue medicíny v praxi : odborný zdravotnícky časopis  |g Roč. 4, č. 3 (2006-2007), s. 24 
958 |a OND 
958 |a EUIPO 
958 |a article5 
999 |c 2632444  |d 2634374